000 00334nam a22001337a 4500
008 170623b xxu||||| |||| 00| 0 eng d
020 _a9780876092224
041 _aeng
080 _a328
100 _a21
101 _aSHP
245 _aTHE EXPANDING ROLE OF STATE AND LOCAL GOVERNMENTS AFFAIRS
_cFRY.E.H
942 _2udc
_cBK
999 _c19103
_d19103